Statistics for Rock Albums #16

Click here to take the quiz!

General Stats

  • This quiz has been taken 12 times
  • The average score is 5 of 20

Answer Stats

AlbumYear of releaseArtist% Correct
Holy Diver1983Dio
91%
Cowboys from Hell1990Pantera
64%
Live After Death1985Iron maiden
45%
Diamond Dave2003David Lee Roth
36%
Skin and Bones2006Foo Fighters
36%
Diary Of a Madman1981Ozzy Osbourne
36%
Fear Of the Dawn2022Jack White
27%
Chocolate Starfish And The Hot dog Flavoured Water2000Limp Bizkit
27%
The Getaway2016Red Hot Chili Peppers
27%
The Devil put Dinosaurs Here2013Alice in Chains
18%
Walk Among Us1982Misfits
18%
The Battle of Los Angles1999Rage Against The Machine
18%
Lovehunter1979Whitesnake
18%
Sun Red Sun2014Lynch Mob
9%
The Ritual1992Testament
9%
The Atlas Underground2018Tom Morello
9%
Undertow1993Tool
9%
Phenomenon1974UFO
9%
Peace Love Death Metal2004Eagles of Death Metal
0%
Fatal Portrait1986King Diamond
0%

Score Distribution

Percentile by Number Answered

Percent of People with Each Score

Your Score History

You have not taken this quiz